Statistics for Countries Bhutan Recognizes

Click here to take the quiz!

General Stats

  • This quiz has been taken 34 times
  • The average score is 32 of 54

Answer Stats

HintAnswer% Correct
North AmericaCanada
93%
OceaniaAustrallia
83%
Brazil
83%
Cuba
80%
South AmericaArgentina
77%
Germany
73%
Austria
70%
India
70%
Colombia
67%
Costa Rica
67%
Japan
67%
Netherlands
67%
Poland
67%
Spain
67%
Belgium
63%
Finland
63%
Norway
63%
Sweden
63%
Switzerland
63%
Turkey
63%
Denmark
60%
AfricaEgypt
60%
Fiji
60%
Luxembourg
60%
Mongolia
60%
Nepal
60%
Pakistan
60%
South Korea
60%
AsiaAfghanistan
57%
Armenia
57%
Azerbaijan
57%
Bangladesh
57%
Czechia
57%
Israel
57%
Serbia
57%
Slovakia
57%
Slovenia
57%
Vietnam
57%
EuropeAndorra
53%
Kazakhstan
53%
Oman
53%
Tajikistan
53%
United Arab Emirates
53%
Myanmar
50%
Bahrain
47%
Indonesia
47%
Morocco
47%
Singapore
47%
Sri Lanka
47%
Thailand
47%
Kuwait
43%
The Maldives
40%
Mauritius
37%
Eswatini
30%

Score Distribution

Percentile by Number Answered

Percent of People with Each Score

Your Score History

You have not taken this quiz